00386nam a22001337a 4500003000400000005001700004008004100021040001100062100006200073245005300135250000800188260004800196300000800244OSt20240416123248.0240416b |||||||| |||| 00| 0 eng d cMRSPTU aSingh, Sahib (ਪ੍ਰੋ. ਸਾਹਿਬ ਸਿੰਘ) aAdi Bir Bare (ਆਦਿ ਬੀੜ ਬਾਰੇ) a1st aPunjabbDirector Education Departmentc1999 a190